Latin American cities by Images - Statistics

General Stats
  • This quiz has been taken 111 times
  • The average score is 10 of 16
Answer Stats
Picture Answer % Correct
Buenos Aires
92%
Mexico City
92%
Rio de Janeiro
92%
Bogota
86%
Santiago
85%
Havana
84%
Lima
82%
Montevideo
73%
Quito
73%
Guatemala City
61%
Santo Domingo
59%
Guadalajara
41%
Salvador
39%
Cartagena
29%
Recife
24%
Cordoba
23%
No matching quizzes found
Score Distribution
Percent of People with Each Score
Percentile by Number Answered
Your Score History
You have not taken this quiz